| 000 | 01319cad a22002175a 4500 | ||
|---|---|---|---|
| 001 | L156898 | ||
| 008 | 120730s2012 xxk f 000 0 eng d | ||
| 035 | _a(Sirsi) u156898 | ||
| 041 | 0 | _aeng | |
| 110 | 2 |
_aWales _bWelsh Assembly Government |
|
| 245 | 0 | 0 |
_aNational statistics on the index of production and the index of construction _bquarter 4, 2011 _h[electronic resource] |
| 260 |
_aCardiff _bWelsh Assembly Government _c2012 |
||
| 490 | 0 |
_aNational Statistics on the Index of Production and the Index of Construction _v(SDR 59/2012) 10 April 2012 |
|
| 520 | _aKey points from this release are the longer term trend for the Index of Production for Wales shows a fall of 2.0% when comparing the latest four quarters to the previous four quarters. UK output also fell, down 1.2%. The short term quarterly movements also show falls for both Wales and the UK (down 3.9% and 1.3% respectively). Also, the longer term trend for the Index of Construction for Wales shows a rise of 5.8% when comparing the latest four quarters to the previous four quarters. | ||
| 590 | _aKA | ||
| 651 | 4 |
_aWales _y2007- |
|
| 651 | 4 |
_aUnited Kingdom _y |
|
| 690 |
_aConstruction management _96230 |
||
| 856 | 4 | 0 |
_uhttps://wales.gov.uk/docs/statistics/2012/120410sdr592012en.pdf _zView the item free of charge at wales.gov.uk |
| 942 | _n0 | ||
| 999 |
_c114476 _d114476 |
||